[Event "ISR-chT"]
[Site "Israel"]
[Date "2021.05.07"]
[Round "5.3"]
[White "Tarnopolsky, Anatoly"]
[Black "Milikow, Yoav"]
[Result "1-0"]
[WhiteElo "2319"]
[BlackElo "2299"]
[PlyCount "128"]
[EventDate "2021.04.22"]
[EventType "team-tourn"]
[EventRounds "11"]
[EventCountry "ISR"]
[SourceTitle "EXT 2022"]
[Source "ChessBase"]
[SourceDate "2021.10.06"]
[SourceVersion "1"]
[SourceVersionDate "2021.10.06"]
[SourceQuality "1"]
[WhiteTeam "Petah Tikva Nearim"]
[BlackTeam "Kfar Saba Hapoel"]
[WhiteTeamCountry "ISR"]
[BlackTeamCountry "ISR"]

1. d4 Nf6 2. c4 g6 3. Nc3 d5 4. cxd5 Nxd5 5. e4 Nxc3 6. bxc3 Bg7 7. Nf3 c5 8. Bb5+ Nc6 9. d5 Qa5 10. Rb1 a6 11. Bxc6+ bxc6 12. 0-0 0-0 13. dxc6 Be6 14. Bg5 f6 15. Bf4 Rac8 16. Rb7 Rfe8 17. c7 Bc4 18. Re1 e5 19. Nd2 Bf7 20. Be3 Bf8 21. Nb3 Qxc3 22. Qc1 Qxc1 23. Rxc1 Bxb3 24. axb3 Re6 25. Bxc5 Rc6 26. Be3 Rxc1+ 27. Bxc1 Bd6 28. Be3 Bxc7 29. g4 a5 30. Kf1 Kf8 31. Bd2 Ke8 32. Ra7 Bb6 33. Ra6 Rb8 34. Bxa5 Bxa5 35. Rxa5 Rxb3 36. g5 Rb1+ 37. Kg2 Rb6 38. gxf6 Re6 39. Ra8+ Kf7 40. Ra7+ Kxf6 41. Rxh7 Ra6 42. Rb7 Ra3 43. Rb6+ Kg5 44. h4+ Kf4 45. Rxg6 Kxe4 46. Rf6 Kd5 47. h5 e4 48. h6 Ra7 49. Rf5+ Ke6 50. Rh5 Rh7 51. Kg3 Kf6 52. Kg4 Kg6 53. Rg5+ Kf6 54. Rf5+ Ke6 55. Rh5 Kf6 56. Rh1 Kg6 57. Rh2 Kf7 58. Kh5 Kg8 59. Rg2+ Kh8 60. Rg7 Rxg7 61. hxg7+ Kxg7 62. Kg5 Kf7 63. Kf5 Ke7 64. Kxe4 Ke6 1-0

[Event "ISR-chT"]
[Site "Israel"]
[Date "2015.05.01"]
[Round "11.5"]
[White "Raznikov, Danny"]
[Black "Tarnopolsky, Anatoly"]
[Result "1/2-1/2"]
[WhiteElo "2494"]
[BlackElo "2286"]
[PlyCount "38"]
[EventDate "2015.01.09"]
[EventType "team-tourn"]
[EventRounds "11"]
[EventCountry "ISR"]
[SourceTitle "EXT 2016"]
[Source "ChessBase"]
[SourceDate "2015.10.08"]
[SourceVersion "1"]
[SourceVersionDate "2015.10.08"]
[SourceQuality "1"]
[WhiteTeam "Rishon Le Zion Feldklein"]
[BlackTeam "Petah Tikva Elitzur Maarav"]
[WhiteTeamCountry "ISR"]
[BlackTeamCountry "ISR"]

1. d4 Nf6 2. Nf3 e6 3. c4 Bb4+ 4. Nbd2 0-0 5. a3 Be7 6. e4 d6 7. Be2 c5 8. d5 e5 9. 0-0 Nbd7 10. Ne1 Ne8 11. Nd3 g6 12. b4 b6 13. Bb2 Ng7 14. Rb1 Bg5 15. f4 exf4 16. bxc5 Nxc5 17. Nf3 Bf6 18. Nxc5 Bxb2 19. Rxb2 bxc5 1/2-1/2

[Event "Kefar Sava schev"]
[Site "Kefar Sava"]
[Date "2010.06.29"]
[Round "8"]
[White "Tarnopolsky, Anatoly"]
[Black "Veinberg, Nimrod"]
[Result "1-0"]
[WhiteElo "2312"]
[BlackElo "1952"]
[PlyCount "71"]
[EventDate "2010.06.20"]
[EventType "schev"]
[EventRounds "10"]
[EventCountry "ISR"]
[SourceTitle "CBM 137 Extra"]
[Source "ChessBase"]
[SourceDate "2010.09.01"]
[SourceVersion "1"]
[SourceVersionDate "2010.09.01"]
[SourceQuality "1"]

1. d4 d5 2. c4 c5 3. cxd5 Nf6 4. e4 Nxe4 5. dxc5 Nxc5 6. Nf3 e6 7. Nc3 exd5 8. Qxd5 Be7 9. Qxd8+ Bxd8 10. Be3 Ne6 11. Bb5+ Bd7 12. 0-0 0-0 13. Bxd7 Nxd7 14. Rfd1 Nf6 15. Nb5 Re8 16. h3 Bb6 17. Bxb6 axb6 18. Rd6 Ra6 19. Nc3 g6 20. a3 Rd8 21. Rxd8+ Nxd8 22. Rd1 Ne6 23. Ne5 b5 24. Nd7 Nxd7 25. Rxd7 Nc5 26. Rd5 Na4 27. Nd1 Rb6 28. b3 Rc6 29. bxa4 bxa4 30. Nb2 Rc1+ 31. Kh2 Rc2 32. Nxa4 Rxf2 33. Rb5 Ra2 34. Rb3 Kg7 35. Nc5 b5 36. Ne4 1-0

[Event "Kefar Sava schev"]
[Site "Kefar Sava"]
[Date "2010.06.21"]
[Round "2"]
[White "Tarnopolsky, Anatoly"]
[Black "Wee, Chun Jie Eugene"]
[Result "1-0"]
[WhiteElo "2312"]
[BlackElo "2024"]
[PlyCount "57"]
[EventDate "2010.06.20"]
[EventType "schev"]
[EventRounds "10"]
[EventCountry "ISR"]
[SourceTitle "CBM 137 Extra"]
[Source "ChessBase"]
[SourceDate "2010.09.01"]
[SourceVersion "1"]
[SourceVersionDate "2010.09.01"]
[SourceQuality "1"]

1. d4 d5 2. c4 dxc4 3. e3 Nf6 4. Bxc4 e6 5. Nf3 a6 6. Qe2 Nbd7 7. 0-0 Be7 8. e4 b5 9. Bd3 c5 10. a4 c4 11. Bc2 Bb7 12. Bg5 Rc8 13. axb5 axb5 14. e5 Nd5 15. Bxe7 Nxe7 16. Nc3 Qb6 17. Ne4 Bxe4 18. Qxe4 Nf8 19. h4 f5 20. exf6 gxf6 21. Qf4 Nd5 22. Qh6 Qc7 23. Be4 Nf4 24. Qxf6 Rg8 25. Ne5 Ne2+ 26. Kh1 Qe7 27. Qxe7+ Kxe7 28. Ra7+ Ke8 29. Bc6+ 1-0

[Event "Kefar Sava schev"]
[Site "Kefar Sava"]
[Date "2010.06.20"]
[Round "1"]
[White "Levin, Yonatan"]
[Black "Tarnopolsky, Anatoly"]
[Result "1/2-1/2"]
[WhiteElo "2085"]
[BlackElo "2312"]
[PlyCount "63"]
[EventDate "2010.06.20"]
[EventType "schev"]
[EventRounds "10"]
[EventCountry "ISR"]
[SourceTitle "CBM 137 Extra"]
[Source "ChessBase"]
[SourceDate "2010.09.01"]
[SourceVersion "1"]
[SourceVersionDate "2010.09.01"]
[SourceQuality "1"]

1. Nf3 c5 2. g3 Nc6 3. Bg2 d5 4. d4 e6 5. 0-0 Nf6 6. b3 Be7 7. dxc5 Bxc5 8. Bb2 0-0 9. e3 b6 10. Nbd2 Ba6 11. Re1 Qe7 12. a3 Rfd8 13. c4 dxc4 14. b4 Bd6 15. Qa4 c3 16. Bxc3 Bb7 17. Nc4 Nd5 18. Bb2 a6 19. Qc2 Bc7 20. Ncd2 Rac8 21. Qb3 Bb8 22. Ne4 Na7 23. Nd4 Nc6 24. Nf3 h6 25. Rac1 Na7 26. Nd4 Rxc1 27. Rxc1 Rc8 28. Rxc8+ Nxc8 29. Qc2 Nd6 30. Nxd6 Qxd6 31. Nf3 Qd7 32. Be5 1/2-1/2

[Event "ISR-ch 34th"]
[Site "Haifa"]
[Date "2008.12.07"]
[Round "5"]
[White "Tarnopolsky, Anatoly"]
[Black "Tseitlin, Mark D"]
[Result "0-1"]
[WhiteElo "2301"]
[BlackElo "2437"]
[PlyCount "98"]
[EventDate "2008.12.01"]
[EventType "swiss"]
[EventRounds "9"]
[EventCountry "ISR"]
[SourceTitle "CBM 127 Extra"]
[Source "ChessBase"]
[SourceDate "2009.01.08"]
[SourceVersion "2"]
[SourceVersionDate "2009.01.28"]
[SourceQuality "1"]

1. d4 Nf6 2. c4 g6 3. Nc3 Bg7 4. e4 d6 5. Nf3 0-0 6. h3 e5 7. d5 Na6 8. Bg5 Qe8 9. g4 Nc5 10. Nd2 a5 11. Qc2 c6 12. Be2 Bd7 13. Rg1 cxd5 14. Bxf6 Bxf6 15. Nxd5 Bd8 16. Nb1 Kh8 17. g5 f6 18. gxf6 Bxf6 19. Nbc3 Bh4 20. 0-0-0 Bxf2 21. Rh1 Qd8 22. Kb1 Bc6 23. Bg4 Qh4 24. Nc7 Rad8 25. Ne6 Nxe6 26. Bxe6 Bd4 27. Bd5 Rf2 28. Ne2 Ba4 29. b3 Bc6 30. Qd3 Bxd5 31. cxd5 Bc5 32. Rhf1 Rdf8 33. Nc3 R8f3 34. Qxf3 Rxf3 35. Rxf3 h5 36. Nb5 Qxe4+ 37. Rfd3 Qf5 38. Kb2 e4 39. R3d2 Qxh3 40. Nc3 Qf3 41. Ne2 a4 42. bxa4 Qa3+ 43. Kb1 Qxa4 44. Nc3 Qb4+ 45. Kc2 Qc4 46. Rh2 Bd4 47. Rh3 e3 48. Rd3 Bxc3 49. Rxc3 Qxa2+ 0-1

[Event "ISR-ch 34th"]
[Site "Haifa"]
[Date "2008.12.01"]
[Round "1"]
[White "Tarnopolsky, Anatoly"]
[Black "Golod, Vitali"]
[Result "0-1"]
[WhiteElo "2301"]
[BlackElo "2584"]
[PlyCount "90"]
[EventDate "2008.12.01"]
[EventType "swiss"]
[EventRounds "9"]
[EventCountry "ISR"]
[SourceTitle "CBM 127 Extra"]
[Source "ChessBase"]
[SourceDate "2009.01.08"]
[SourceVersion "2"]
[SourceVersionDate "2009.01.28"]
[SourceQuality "1"]

1. d4 d5 2. c4 dxc4 3. e3 c5 4. Bxc4 cxd4 5. Nf3 Qc7 6. Qb3 e6 7. exd4 Nc6 8. 0-0 Nf6 9. Bg5 Be7 10. Nc3 0-0 11. Bd3 Qa5 12. Qb5 Qxb5 13. Bxb5 Rd8 14. Rfd1 Nb4 15. a3 Nbd5 16. Nxd5 Nxd5 17. Bxe7 Nxe7 18. Rac1 a6 19. Bd3 Bd7 20. Rc7 Nd5 21. Rc5 Ba4 22. Re1 Rab8 23. h3 h6 24. Be4 Nf6 25. Rc7 Nxe4 26. Rxe4 Bc6 27. Re3 Rbc8 28. Rxc8 Rxc8 29. Rc3 f6 30. Nd2 Kf7 31. f3 Rd8 32. Nb3 Rd5 33. Kf2 Rb5 34. Ke3 Bd5 35. Rc7+ Kg8 36. Nd2 Rxb2 37. h4 Ra2 38. Rc3 f5 39. g3 g5 40. hxg5 hxg5 41. g4 f4+ 42. Kd3 b5 43. Rc8+ Kg7 44. Ne4 Rxa3+ 45. Kd2 Bxe4 0-1

[Event "ISR-chT"]
[Site "Israel"]
[Date "2007.05.11"]
[Round "11.6"]
[White "Tarnopolsky, Anatoly"]
[Black "Kaganskiy, Gleb"]
[Result "1/2-1/2"]
[WhiteElo "2284"]
[BlackElo "2337"]
[PlyCount "50"]
[EventDate "2007.01.11"]
[EventType "team"]
[EventRounds "11"]
[EventCountry "ISR"]
[SourceTitle "EXT 2009"]
[Source "ChessBase"]
[SourceDate "2008.11.26"]
[SourceVersion "1"]
[SourceVersionDate "2008.11.26"]
[SourceQuality "1"]
[WhiteTeam "Petah Tikva Elitzur"]
[BlackTeam "Kefar Sava Hapoel"]
[WhiteTeamCountry "ISR"]
[BlackTeamCountry "ISR"]

1. d4 Nf6 2. c4 e6 3. Nc3 d5 4. Nf3 c6 5. Bg5 Nbd7 6. cxd5 exd5 7. e3 Be7 8. Bd3 0-0 9. Qc2 Re8 10. 0-0 Nf8 11. Rab1 Ne4 12. Bxe7 Qxe7 13. b4 Ng6 14. Rfc1 a6 15. a4 Nxc3 16. Qxc3 Bg4 17. Bxg6 Bxf3 18. Bxh7+ Kxh7 19. gxf3 Qg5+ 20. Kf1 Qh5 21. Ke2 Re4 22. Rg1 Rae8 23. Rg2 Rf4 24. Rg3 Rh4 25. Rbg1 g6 1/2-1/2